مكتبة جامعة عجلون الوطنية

فهرس بحث المكتبة

Normal view MARC view
  • القانون المدني - مصر - عقود الايجار - قوانين وتشريعات - مصر

Entry Topical Term

Number of records used in: 1

001 - CONTROL NUMBER

  • control field: 47049

003 - CONTROL NUMBER IDENTIFIER

  • control field: JO-AjAnu

005 - DATE AND TIME OF LATEST TRANSACTION

  • control field: 20230606081754.0

008 - FIXED-LENGTH DATA ELEMENTS

  • fixed length control field: 230606|| aca||aabn | a|a d

040 ## - CATALOGING SOURCE

  • Original cataloging agency: JO-AjAnu
  • Transcribing agency: JO-AjAnu

150 ## - HEADING--TOPICAL TERM

  • Topical term or geographic name entry element: القانون المدني - مصر - عقود الايجار - قوانين وتشريعات - مصر

670 ## - SOURCE DATA FOUND

  • Source citation: Work cat.: (JO-AjAnu)24079: تاليف مرقس، سليمان, author 47048, شرح قانون إيجار الأماكن وتنظيم العلاقة بين المؤجر والمستأجر ( القانون رقم 49/1977 ورقم 136/1981 والقوانين المكملة لهما)، ج1